000 01418nam0a2200313 4500
001 RU\NLR\BIBL_A\022607054
005 20260408212701.0
010 _a978-5-392-37391-8
_91000
035 _a(NLR Aleph) 022607054
090 _a13469731
_c13469731
100 _a20250822d2023 k y0rusy50 ca
101 0 _arus
102 _aRU
105 _aa|||z|||000yy
181 0 _ai3
_baxxe
182 0 _an
200 1 _aУголовно-правовая охрана сферы закупок товаров, услуг и работ для государственных и муниципальных нужд
_eмонография
_fВ. И. Долинко
_gАкадемия управления Министерства внутренних дел Российской Федерации
203 _aТекст
_bвизуальный
_cнепосредственный
210 _aМосква
_cПроспект
_d2023
215 _a173 с.
_cил., табл.
_d22
320 _aБиблиогр.: с. 158-165 и в подстроч. примеч.
606 _aПреступления в сфере государственных закупок
_3RU\NLR\AUTH\6601672403
_92445961
686 1 _aХ628.111.6
686 1 _aХ628.111.7
700 1 _aДолинко
_bВ. И.
_gВасилий Иванович
942 _cBOOK
980 _aNB